Introducción al an lisis de circuitos / Robert L. Boylestad, Rodolfo Navarro Salas (Registro nro. 26994)
[ vista simple ]
| 000 -LÍDER | |
|---|---|
| fixed length control field | 00548nam a2200169 4500 |
| 020 ## - NÚMERO INTERNACIONAL NORMALIZADO PARA LIBROS | |
| ISBN | 978-607-32-0584-9 |
| 050 ## - SIGNATURA TOPOGRAFICA DE LA BIBLIOTECA DEL CONGRESO (LC) | |
| Número de Clasificación | TK454 B6718 2011 |
| 082 ## - NUMERO DE CLASIFICACION DECIMAL DEWEY | |
| Número de Clasificación | 621.319.2 B255i |
| 100 ## - ASIENTO PRINCIPAL--NOMBRE PERSONAL | |
| Nombre personal | Boylestad, Robert L. |
| 245 ## - TÍTULO | |
| Título | Introducción al an lisis de circuitos / Robert L. Boylestad, Rodolfo Navarro Salas |
| 250 ## - MENCIÓN DE EDICIÓN | |
| Mención de edición | 12 |
| 260 ## - PUBLICACIÓN, DISTRIBUCIÓN, ETC. (PIE DE IMPRENTA) | |
| Lugar de publicación, distribución, etc. | México : Pearson |
| 300 ## - DESCRIPCIÓN FÍSICA | |
| Extensión | xi, 914 p. / 27 cm |
| 500 ## - NOTA GENERAL | |
| Nota general | Incluye CD |
| 650 ## - ASIENTO SECUNDARIO DE MATERIA - TERMINO TEMÁTICO | |
| Término temático o nombre geográfico como elemento de entrada | 1. CIRCUITOS ELECTRICOS \ 2. ANALISIS DE CIRCUITOS \ INGENIERIA ELECTRICA |
| 700 ## - ASIENTO SECUNDARIO - NOMBRE PERSONAL | |
| Nombre personal | I. Navarro, Salas, Rodolfo, Coaut. |
| No. biblioteca | No. biblioteca | Número de clasificación | Código de barras/Número de adquisición | Número de copia | Tipo de material |
|---|---|---|---|---|---|
| ÁREA DE ELECTROMECÁNICA | LUIS G. INCLAN | 621.319.2 B255i | 52027 | 3 | Libros |
| ÁREA DE ELECTROMECÁNICA | LUIS G. INCLAN | 621.319.2 B255i | 52028 | 4 | Libros |
| ÁREA DE ELECTROMECÁNICA | LUIS G. INCLAN | 621.319.2 B255i | 52029 | 5 | Libros |
| ÁREA DE ELECTROMECÁNICA | LUIS G. INCLAN | 621.319.2 B255i | 52030 | 6 | Libros |
| ÁREA DE ELECTROMECÁNICA | ÁREA DE ELECTROMECÁNICA | 621.319.2 B255i | 51340 | 1 | Libros |
| ÁREA DE ELECTROMECÁNICA | ÁREA DE ELECTROMECÁNICA | 621.319.2 B255i | 52026 | 2 | Libros |
